Historía de la guerra de Africa / (Record no. 167172)

MARC details
000 -LEADER
campo de control de longitud fija 00651nam a22001815i 4500
001 - NÚMERO DE CONTROL
campo de control 167172
003 - IDENTIFICADOR DE NÚMERO DE CONTROL
campo de control ES-MaACL
005 - FECHA Y HORA DE LA ÚLTIMA TRANSACCIÓN
campo de control 20230906213454.0
008 - DATOS DE LONGITUD FIJA--INFORMACIÓN GENERAL
campo de control de longitud fija 960313m18591860sp |||| | spa d
040 ## - FUENTE DE CATALOGACIÓN
Centro catalogador/agencia de origen CLM
Lengua de catalogación spa
Centro/agencia transcriptor CLM
100 1# - ENTRADA PRINCIPAL--NOMBRE DE PERSONA
Nombre de persona Ventosa, Evaristo.
9 (RLIN) 133615
245 10 - MENCIÓN DEL TÍTULO
Título Historía de la guerra de Africa /
Mención de responsabilidad, etc. Por Evaristo Ventosa.
260 ## - PUBLICACIÓN, DISTRIBUCIÓN, ETC.
Lugar de publicación, distribución, etc. Barcelona :
Nombre del editor, distribuidor, etc. Libreria de Salvador Manero,
Fecha de publicación, distribución, etc. 1859-1860 (
Fabricante Imp. El porvenir)
300 ## - DESCRIPCIÓN FÍSICA
Extensión 2 v. (1145, 4, [2] p., [27] h. de grab.) :
Otras características físicas il. ;
Dimensiones 22 cm.
594 #1 - Nota al título y mención de responsabilidad
Nota al título y mención de responsabilidad Delante del tit.: "Españoles y Marroquies"
597 #1 - NOTA DE DESCRIPCIÓN FÍSICA
NOTA DE DESCRIPCIÓN FÍSICA Antep.
852 ## - LOCALIZACIÓN
Ubicación ES-MaACL
Número de control de estantería G-4995
Nota libre -- Enc. hol.
-- -- Enc. 2 t. en 1 v.
Holdings
Estatus retirado Estado de pérdida Estado de daño No para préstamo Colección Biblioteca de origen Biblioteca actual Ubicación en estantería Fecha de adquisición Fuente de adquisición Total de préstamos Signatura topográfica completa Código de barras Visto por última vez Precio de reemplazo Tipo de ítem Koha
        Libros del s. XIX Biblioteca del Ateneo de Madrid Biblioteca del Ateneo de Madrid Depósito 2 17/01/2008     G-4995 1175361 23/02/2023 23/02/2023 Libro impreso antiguo